000 00592cam a22002411 4500
001 sa 68009673
003 DLC
005 20260227112545.0
008 940615s1968 pk c b 000 0 urdo
010 _asa 68009673
025 _aPL480:P-U-1926
035 _a(OCoLC)30612834
040 _aDLC
_cCU
_dCU
_dDLC
042 _apremarc
050 0 0 _aPK2156
_b.S24
100 0 _aSaleem Akhtar,
_d1934-
245 1 0 _aNigāh aur nuqt̤e.
260 _c[1968]
300 _a288 p.
_bport.
_c19 cm.
500 _aIn Urdu.
504 _aBibliographical footnotes.
650 0 _aUrdu literature.
999 _c83068
_d83068